Toponimia árabe en Andalucía diplomová práca

Salvato in:
Dettagli Bibliografici
Autore principale: Kosmálová, Tatiana
Ente Autore: Fakulta aplikovaných jazykov EU v Bratislave. Katedra románskych a slovanských jazykov
Altri autori: Mocková, Nina, 1987-
Natura: Libro
Lingua:spagnolo
Pubblicazione: Bratislava 2024
Tags: Aggiungi Tag
Nessun Tag, puoi essere il primo ad aggiungerne!!

MARC

LEADER 00000nbm a2200000 4500
001 0300575
005 20250919123637.8
041 0 |a spa 
044 |a SK 
245 1 0 |a Toponimia árabe en Andalucía  |b diplomová práca  |c Tatiana Kosmálová ; školiteľ: Nina Mocková 
264 1 |a Bratislava  |c 2024 
300 |a 81 s. 
100 1 |a Kosmálová, Tatiana 
700 1 |a Mocková, Nina, 1987- 
710 2 |a Fakulta aplikovaných jazykov EU v Bratislave. Katedra románskych a slovanských jazykov